01314nam a2200229 a 450000100190000000500170001900800410003602000260007703500250010303500210012804000280014904100120017710000260018924500540021526000480026930000600031752005300037765000310090794200080093895201230094699900150106999101061680970670620251003094115.0090811s2009 sz a 000 0deng c a9782940373987q(pbk.) a(ES-BaCBU).b42572277 a(OCoLC)804338048 aES-BaCBUbcatcES-BaCBU aEnglish aDavis, Melissa92140014aThe fundamentals of branding c/ by Melissa Davis aLausanne ;aWorthing :bAVA Academia,c2009 a183 pages :billustrations, portraits (color) ;c23 cm. aBranding is a discipline that has emerged over the last century to become a ubiquitous force in marketing. The Fundamentals of Branding offers an overview of the foundations of building, developing and maintaining brands. It provides insight into key aspects such as targeting audiences, trends, brand structures and brand architecture, and examines the fundamental client/agency relationship. It also places branding in a global context and discusses its relation to business practice as well as other creative disciplines.00aBranding (Marketing)96284 2lcc 00102lcc4070aTBSbTBSd2025-08-28l1m1oHD69.B7 DAVpB06060q2025-12-06r2025-10-07s2025-10-07t1w2025-08-28y1 c4895d4895